ASOIAF - Crownlands Houses COAs - Statistics

General Stats
  • This quiz has been taken 115 times
  • The average score is 15 of 31
Answer Stats
Picture Answer % Correct
Baratheon of King's Landing
96%
Targaryen
95%
Baratheon of Dragonstone
91%
Velaryon
91%
Blackfyre
89%
Celtigar
77%
Stokeworth
73%
Bar Emmon
63%
Massey
59%
Darklyn
57%
Rosby
52%
Slynt
50%
Hollard
48%
Kettleblack
48%
Thorne
48%
Brune of Brownhollow
46%
Rykker
45%
Sunglass
36%
Farring
34%
Hayford
34%
Cargyll
32%
Staunton
29%
Buckwell
27%
Follard
27%
Chelsted
23%
Byrch
18%
Bywater
18%
Chyttering
16%
Mallery
14%
Cressey
11%
Harte
11%
No matching quizzes found
Score Distribution
Percent of People with Each Score
Percentile by Number Answered
Your Score History
You have not taken this quiz